Lagerhaltung Modelle und Methoden
Saved in:
| Main Author: | |
|---|---|
| Other Authors: | |
| Format: | Book |
| Language: | German |
| Published: |
Berlin
Springer
1989
|
| Edition: | 1. Aufl. |
| Tags: |
No Tags, Be the first to tag this record!
|
MARC
| LEADER | 00000nam a2200000 4500 | ||
|---|---|---|---|
| 001 | c030057 | ||
| 005 | 20221215124618.5 | ||
| 041 | 0 | |a ger | |
| 044 | |a DE | ||
| 245 | 1 | 0 | |a Lagerhaltung |b Modelle und Methoden |c Dieter Bartmann, Martin J. Beckmann |
| 250 | |a 1. Aufl. | ||
| 264 | 1 | |a Berlin |b Springer |c 1989 | |
| 300 | |a 244 s. | ||
| 100 | 1 | |a Bartmann, Dieter | |
| 700 | 1 | |a Beckmann, Martin J. | |